000 00428nam a2200169Ia 4500
008 220204s9999 xx 000 0 und d
082 _a57.086.15(036)
_bWIL
100 _aWILLEY, Ruth L
245 0 _aMicrotechniques: Laboratory guide
260 _aNew York
_bMacmillan
_c1971
650 _aMIcrotechnique
650 _aMicrotome
650 _aMounting
650 _aStaining
650 _aTissue preparation
942 _cBK
999 _c24444
_d24444